02001naa a2200217 a 450000100080000000500110000800800410001910000170006024500450007726000090012230000100013149000310014152013770017265300160154965300460156565300140161165300170162565300230164270000180166577301000168311273862018-07-02 2017 bl uuuu u00u1 u #d1 aRICCE, W. S. aAgrometeorologia.h[electronic resource] c2017 a71 p. a(Epagri. Documentos, 275). aA climatologia do per??odo demonstrou que o trimestre (Janeiro-Mar??o) iniciou com excesso h??drico em quase todas as regi??es de Santa Catarina. Vale destacar anomalias positivas na precipita????o da regi??o norte e negativas no Planalto Sul, Meio Oeste, Planalto Norte e Vale do Itaja??, oscilando entre defici??ncia e excesso h??drico durante o trimestre. A vari??vel graus-dia apresentou, de maneira geral, valores elevados, superando os recordes hist??ricos na maioria das localidades monitoradas. Estas caracter??sticas ambientais podem ser parcialmente corroboradas com as anomalias positivas registradas para a temperatura m??dia. Analisando os cultivos, foi poss??vel constatar que o trimestre foi favor??vel para o bom desenvolvimento das culturas, consequentemente, a expectativa de safra mostra aumento de produtividade em culturas como: arroz, feij??o, milho 1?? safra e soja. Ainda relacionado as culturas, a sanidade foi outro ponto de destaque. O desenvolvimento de doen??as ?? favorecido por determinadas condi????es meteorol??gicas. A combina????o de temperatura, umidade, chuva e molhamento foliar impactam diretamente no surgimento e desenvolvimento dessas doen??as. No per??odo analisado, os fatores ambientais se mantiveram dentro da normalidade para o per??odo, consequentemente, n??o foram identificadas altas severidades de doen??as nos cultivos. aagricultura afavorabilidade ?? ocorr??ncia de doen??as agraus-dia ameteorologia asanidade agr??cola1 aBLAINSKI, ??. tIn: Epagri. Boletim Ambiental: S??ntese Trimestral - Ver??o 2017. Florian??polis: Epagri, 2017.